000 00330nam a22001457a 4500
008 210301b ||||| |||| 00| 0 eng d
020 _a9780521637220
041 _aeng
080 _22nd
_a038
082 _a038
100 _a23
101 _aFJA
245 _aThe Cambridge Dictionary of Philosophy
_cAudi, R
942 _2udc
_cBK
999 _c55424
_d55424